000 00580nam a2200205Ii 4500
003 JO-AjNU
008 230605s9999||||xx |||||||||||||| ||und||
040 _aJO-AjNU
_bara
_erda
_cJO-AjNU
041 _aara
050 1 4 _aSF239 1967
100 3 _aالحجراوي ، ابراهيم سالم,
_eauthor
_910566
245 0 0 _aالزبد
250 _aط2
264 3 1 _aالقاهرة:دار المعارف ، 1967
300 _a184ص
336 _atext
_btxt
_2rdacontent
337 _aunmediated
_bn
_2rdamedia
338 _avolume
_bnc
_2rdacarrier
650 4 _aالزبد
_910567
999 _aA1870
_c5438
_d5438